Datum a čas kvízu
31
Celkem bodů
Celkový počet nahraných bodů na tomto kvízu bez doplňovacích otázek.
7.
Pořadí na kvízu
Konečné umístění týmu na tomto kvízu.
Zaznamenané odpovědi
| # | Otázka | Odpověď | Body | Výsledky |
|---|---|---|---|---|
| 1. | Co bylo minulý týden spuštěno... | fontána | 1 | |
| 2. | Nejstarší podzemní dráha na sv... | po Alžbětě II. | 1 | |
| 3. | Uveďte název komedie režiséra... | Tři tygři ve filmu: JACKPOT | 1 | |
| 4. | Raketa Falcon 9 společnosti Sp... | Hurvínek | 0 | |
| 5. | Česká cyklistika si minulé úte... | Jan Hirt | 1 | |
| 6. | Téma námořních katastrof snad... | ze Southamptonu, Edward J. Smith | 0.5 | |
| 7. | Toto námořní neštěstí si možná... | Kursk, Barentsovo moře | 0 | |
| 8. | Nyní zavítáme do trochu vzdále... | Vasa | 0 | |
| 9. | Americká velrybářská loď Essex... | Herman Melville, Bílá velryba (Moby-Dick) | 1 | |
| 10. | Vyberte, které z následujících... | A | 1 |